00901nam a2200253Ia 450000500170000000800410001702000150005810000410007324500530011425000190016730000270018652100290021365000520024265000510029465000360034565000370038165000440041826400510046233600270051333700330054033800280057304000350060108400110063620220317001117.0160825s9999 xx 000 0 und d a95881091751 aAristizábal Gáfaro, Jorged1964-10aGrammatical psychocJorge Aristizábal Gáfaro a1a. edición  a113 páginas c21 cm  aRecomendado para adultos142LEMBaCuentos infantiles colombianos ySiglo XX142LEMBaLiteratura infantil colombianaySiglo XX142LEMBaVenganza en la literatura142LEMBaEmociones en la literatura142LEMBaIdentidad sexual en la literatura aBogotábInstituto Distrital de Culturac2001 atextobtxt2rdacontent asin mediaciónbn2rdamedia avolumenbnc2rdacarrier aCO-BoRNBPbspaerdacCO-BoRNBP aC ARI2